|
|
|
|
| LEADER |
00000nam0a2200000 4500 |
| 001 |
258998 |
| 005 |
20241126063151.0 |
| 010 |
|
|
|a 9785991621472
|
| 035 |
|
|
|a (RuTPU)RU\TPU\book\281890
|
| 090 |
|
|
|a 258998
|
| 100 |
|
|
|a 20140429d2013 m y0rusy50 ca
|
| 101 |
0 |
|
|a rus
|
| 102 |
|
|
|a RU
|
| 105 |
|
|
|a y j 001zy
|
| 200 |
1 |
|
|a История России
|e краткий курс лекций
|f С. П. Карпачев
|
| 205 |
|
|
|a 2-е изд., перераб. и доп.
|
| 210 |
|
|
|a Москва
|c Юрайт
|d 2013
|
| 215 |
|
|
|a 273 с.
|c ил.
|
| 225 |
1 |
|
|a Хочу все сдать
|
| 320 |
|
|
|a Словарь терминов: с. 248-257.
|
| 320 |
|
|
|a Хроника: с. 258-269.
|
| 320 |
|
|
|a Список литературы: с. 270-273.
|
| 330 |
|
|
|a Непосредственной сдаче экзамена или зачета по любой учебной дисциплине всегда предшествует краткий период, когда студент должен сосредоточиться, систематизировать свои знания. Выражаясь компьютерным языком, он должен «вывести информацию из долговременной памяти в оперативную», сделать ее готовой к немедленному и эффективному использованию. Специфика периода подготовки к экзамену или зачету заключается в том, что студент уже ничего не изучает (для этого просто нет времени): он лишь вспоминает и систематизирует изученное. Предлагаемое пособие поможет студентам в решении именно этой задачи применительно к курсу «История России». Содержание издания соответствует требованиям Федерального государственного образовательного стандарта высшего профессионального образования третьего поколения.
|
| 606 |
|
|
|a Россия
|x История
|7 ca
|8 rus
|2 stltpush
|3 (RuTPU)RU\TPU\subj\64777
|9 81526
|
| 610 |
1 |
|
|a лекции
|
| 610 |
1 |
|
|a учебные пособия
|
| 610 |
1 |
|
|a Киевская Русь
|
| 610 |
1 |
|
|a феодальная раздробленность
|
| 610 |
1 |
|
|a Московская Русь
|
| 610 |
1 |
|
|a Российская империя
|
| 610 |
1 |
|
|a Советская Россия
|
| 610 |
1 |
|
|a СССР
|
| 610 |
1 |
|
|a Российская Федерация
|
| 610 |
1 |
|
|a революция
|
| 610 |
1 |
|
|a войны
|
| 610 |
1 |
|
|a реформы
|
| 610 |
1 |
|
|a культура
|
| 610 |
1 |
|
|a политика
|
| 610 |
1 |
|
|a экономика
|
| 686 |
|
|
|a Т3(2)я73
|v LBC/SL-A
|2 rubbk
|
| 700 |
|
1 |
|a Карпачев
|b С. П.
|g Сергей Павлович
|
| 801 |
|
1 |
|a RU
|b 63413507
|c 20140429
|
| 801 |
|
2 |
|a RU
|b 63413507
|c 20150619
|g RCR
|
| 942 |
|
|
|c BK
|